| 000 | 00964nam a22002177a 4500 | ||
|---|---|---|---|
| 999 |
_c16747 _d16747 |
||
| 003 | AR-CdUCM | ||
| 008 | 190506b ||||| |||| 00| 0 sap d | ||
| 040 |
_aMUNICIPALIDAD PROVINCIAL DEL CUSCO _cBIBLIOTECA MUNICIPAL DEL CUSCO |
||
| 082 |
_a364.3 / _bF43 |
||
| 100 |
_aFerriani, Lino. _936374 |
||
| 245 |
_aDelincuentes astutos y afortunados : _bEstudio de psicología criminal y social / |
||
| 260 |
_aBarcelona : _bImprenta de Hernrich y C., _c1909. |
||
| 300 |
_a2 tomos ; _c16 cm. |
||
| 440 |
_aBiblioteca sociológica internacional. _926726 |
||
| 505 | _aContenido: t.1: Introducción -- Los coeficientes de la impunidad -- t.2. Delincuentes contra el honor -- Delincuentes contra la propiedad -- Delincuentes contra las personas -- Parásitos y especuladores delictuosos ... | ||
| 650 |
_aDelincuentes. _932245 |
||
| 650 |
_aSociedad. _953 |
||
| 700 |
_aBuixo y Monserda, José (traducción) _936375 |
||
| 942 |
_2ddc _cLIBROS |
||
| 945 |
_arum _d2019-05-06 |
||